000 00746nam a2200241 4500
001 35948
010 _a9789722370554
021 _aPT
_b508012/22
090 _a35948
100 _a20230601d2023 m y0pory50030103ba
101 1 _apor
102 _aPT
200 1 _aA lei do espelho
_fYoshinori Noguchi
_gtrad. do castelhano Carlos Viana
205 _a1ª. ed.
210 9 _aLisboa
_cEditorial Presença
_d2023
215 _a94 p.
_d23 cm
304 _aTít. orig.: Kanzeban kagami no housoku
675 _a159.923
_vBN
_zpor
700 _aNoguchi
_bYoshinori
_4070
_96391
702 _96392
_aViana
_bCarlos
_4730
801 0 _aPT
_bBN
_gRPC
856 4 1 _uhttp://rnod.bnportugal.gov.pt/ImagesBN/winlibimg.aspx?skey=&doc=2133500&img=179978&save=true
990 _cLIVROS